000 00572cam a2200193 4500500
005 20260405001026.0
041 _afre
042 _adc
100 1 0 _ade Beauvais, Jean-Baptiste
_eauthor
245 0 0 _aMonet, le réel en fumée
260 _c2010.
500 _a1
690 _aGiverny
690 _aGrand Palais
690 _aimpressionnisme
690 _aMonet
786 0 _nPhilosophie magazine | 43 | 10 | 2010-10-01 | p. 53-54 | 1951-1787
856 4 1 _uhttps://shs.cairn.info/magazine-philosophie-magazine-2010-10-page-53?lang=fr&redirect-ssocas=7080
999 _c2043286
_d2043286